Obálka Náhled e-knihy:
Epub
Pro půjčování e-knih musíte být přihlášeni.
Jak si půjčit online?

Javari /

Amazonská řeka Javari, tvořící přírodní hranici mezi Peru a Brazílií, ukrývá svět, o kterém jste si mysleli, že už dávno neexistuje. Dva cestovatelé Mirek a Simon se na vlastní pěst vydávají k tamějšímu indiánskému kmeni Matsés a na své výpravě prožijí neuvěřitelná dobrodružství, která nezhatí ani v...

Celý popis

Uloženo v:
Hlavní autor: Haluza, Miroslav (Autor)
Médium: E-kniha
Jazyk:Czech
Vydáno: Praha : Jota, 2026
Tagy:
Žádné tagy
LEADER 01752nam a22002297i 4500
001 297513
007 ta
008 260409s2026 xr ||||| |||| 00| 0 cze d
020 |a 9788076897748 
044 |a xr 
100 1 |a  Haluza, Miroslav  |4 aut 
245 1 0 |a Javari /  |c  Haluza, Miroslav 
264 1 |a Praha :  |b Jota,  |c 2026 
300 |a 1 online zdroj (263 stran) 
336 |a text  |b txt  |2 rdacontent 
337 |a bez média  |b n  |2 rdamedia 
338 |a online zdroj  |b cr  |2 rdacarrier 
520 2 |a Amazonská řeka Javari, tvořící přírodní hranici mezi Peru a Brazílií, ukrývá svět, o kterém jste si mysleli, že už dávno neexistuje. Dva cestovatelé Mirek a Simon se na vlastní pěst vydávají k tamějšímu indiánskému kmeni Matsés a na své výpravě prožijí neuvěřitelná dobrodružství, která nezhatí ani vážný úraz a riziko úmrtí jednoho z nich uprostřed pralesní divočiny. Filmařská expedice plná bahna, bezedných močálů, malarických komárů, hadů a červů, ale také odhodlání, houževnatosti a humoru vás zavede do velmi těžce přístupných míst k domorodým kulturám, od nichž se stále můžeme mnohému naučit.  A vše začalo tak, že se potkal Brňák s Ostravákem a vůbec si nesedli…  Knihu doprovází ilustrace výtvarníka Nikkarina a také autorovy autentické fotografie. 
910 |a RBIT002 
998 |d 426120  |a https://core.palmknihy.cz/api/books/426120/cover?td4n2i  |b https://core.palmknihy.cz/api/books/426120/cover/400?td4n2i  |c https://core.palmknihy.cz/api/books/426120/cover/50?td4n2i  |e 2035-04-30  |g 263  |i 9788076897748  |j https://core.palmknihy.cz/api/books/426120/preview.epub  |l   |q 49  |r 1  |s https://www.palmknihy.cz/kniha/426120  |t ebook  |y 2026  |z 1 
999 |d 297511